000 00938nam a22002537a 4500
003 UA-OsUOA
001 67832
007 ta
008 20100316b un ||||| |||| 00| 0 ukr d
100 _aДайнеко П. А.
700 _aКрипкий П. В.
700 _aМалиновский А. С.
090 _a657.92
_bД14
942 _cBK
040 _aUA-OsUOA
_brus
_cUA-OsUOA
_dUA-OsUOA
245 _aОсобенности проведения бухгалтерских экспертиз по делам о недостачах и излишках ценностей на предприятиях общественного питания государственной торговли
300 _a56 с.
955 _a2
041 _arus
080 _a657.92
260 _aК.
_c1976
650 7 _a657 Бухгалтерія. Бухгалтерський облік. Рахівництво
_2UDC
999 _c353953
_d353953